MARC

Tag First Indicator Second Indicator Subfields
LEADER 00000pam a2200000 a 4500
001 in00001832018
005 20151026055735.0
008 030610s2004 nyu 000 1 eng
010 |a  2003012713 
020 |a 0374237549 (hardcover : alk. paper) 
035 |a (OCoLC)ocm52429545 
040 |a DLC  |c DLC  |d YDX  |d TXA  |d UtOrBLW 
043 |a e------  |a e-un---  |a e-pl--- 
049 |a TXAM 
050 0 0 |a PS3552.E737  |b C66 2004 
082 0 0 |a 813/.54  |2 21 
100 1 |a Bernstein, Michael André,  |d 1947- 
245 1 0 |a Conspirators /  |c Michael André Bernstein. 
250 |a 1st ed. 
264 1 |a New York :  |b Farrar, Straus, and Giroux,  |c 2004. 
300 |a 506 pages ;  |c 24 cm. 
336 |a text  |b txt  |2 rdacontent 
337 |a unmediated  |b n  |2 rdamedia 
338 |a volume  |b nc  |2 rdacarrier 
651 0 |a Galicia (Poland and Ukraine)  |v Fiction. 
650 0 |a Aristocracy (Social class)  |v Fiction. 
650 0 |a Intelligence officers  |v Fiction. 
650 0 |a Jewish preaching  |v Fiction. 
650 0 |a Revolutionaries  |v Fiction. 
650 0 |a Conspiracies  |v Fiction. 
650 0 |a Rabbis  |v Fiction. 
651 0 |a Europe  |x History  |y 1871-1918  |v Fiction. 
655 7 |a Historical fiction.  |2 gsafd 
655 0 |a Jewish fiction. 
856 4 1 |3 Table of contents  |u http://www.loc.gov/catdir/toc/ecip045/2003012713.html  |t 0 
948 |a cataloged  |b h  |c 2004/5/4  |d c  |e jgreene  |f 4:34:43 pm 
994 |a E0  |b TXA 
999 |a MARS 
999 f f |s a8848ba6-759a-38d3-8fd4-9a1d6dc8201a  |i 0216928c-3795-367a-8276-5c6a489decb2  |t 0 
952 f f |p ric  |a Texas A&M University  |b Rellis Campus  |c Joint Library Facility  |d Remote Storage  |t 0  |e PS3552.E737 C66 2004  |h Library of Congress classification  |i unmediated -- volume  |m A14831172340 
998 f f |a PS3552.E737 C66 2004  |t 0  |l Remote Storage